Guía de iniciación al fliscorno barítono, bombardino y euphonium / (Registro nro. 1765)

000 -CABECERA
campo de control de longitud fija 01057nam a2200265 a 4500
001 - NÚMERO DE CONTROL
campo de control $$a0000030447
005 - FECHA Y HORA DE LA ÚLTIMA TRANSACCIÓN
campo de control 20200120222158.0
008 - DATOS DE LONGITUD FIJA--INFORMACIÓN GENERAL
campo de control de longitud fija 070622s2004 colag grl 000 d
020 ## - NÚMERO INTERNACIONAL ESTÁNDAR DEL LIBRO
Número Internacional Estándar del Libro 958-8159-97-0
082 04 - NÚMERO DE LA CLASIFICACIÓN DECIMAL DEWEY
Número de clasificación 788.97
Número de documento/Ítem C65
110 2# - ENTRADA PRINCIPAL--NOMBRE DE ENTIDAD CORPORATIVA
Nombre de entidad corporativa o nombre de jurisdicción como elemento de entrada Colombia. Ministerio de Cultura
245 10 - MENCIÓN DE TÍTULO
Título Guía de iniciación al fliscorno barítono, bombardino y euphonium /
Mención de responsabilidad, etc. Colombia. Ministerio de Cultura ; elaboración de textos : Gerardo Barreto Suárez.
250 ## - MENCIÓN DE EDICIÓN
Mención de edición 1a. ed.
260 ## - PUBLICACIÓN, DISTRIBUCIÓN, ETC.
Lugar de publicación, distribución, etc. Bogotá
Nombre del editor, distribuidor, etc. el Ministerio
Fecha de publicación, distribución, etc. Dirección de Artes
-- Area de Música
-- 2004
300 ## - DESCRIPCIÓN FÍSICA
Extensión 47 p. : il. mús.
500 ## - NOTA GENERAL
Nota general Plan Nacional de Música para la Convivencia. Programa Nacional de Bandas
500 ## - NOTA GENERAL
Nota general Ej.1 Marichuela, Donación, Instituto Distrital de Cultura y Turismo
650 14 - PUNTO DE ACCESO ADICIONAL DE MATERIA--TÉRMINO DE MATERIA
Término de materia o nombre geográfico como elemento de entrada INSTRUMENTOS DE VIENTO
650 14 - PUNTO DE ACCESO ADICIONAL DE MATERIA--TÉRMINO DE MATERIA
Término de materia o nombre geográfico como elemento de entrada INSTRUMENTOS MUSICALES
650 14 - PUNTO DE ACCESO ADICIONAL DE MATERIA--TÉRMINO DE MATERIA
Término de materia o nombre geográfico como elemento de entrada BANDAS DE MUSICA
650 14 - PUNTO DE ACCESO ADICIONAL DE MATERIA--TÉRMINO DE MATERIA
Término de materia o nombre geográfico como elemento de entrada MUSICA INSTRUMENTAL
650 14 - PUNTO DE ACCESO ADICIONAL DE MATERIA--TÉRMINO DE MATERIA
Término de materia o nombre geográfico como elemento de entrada INSTRUMENTACION (MUSICA)
700 1# - PUNTO DE ACCESO ADICIONAL--NOMBRE DE PERSONA
Nombre de persona Barreto Suárez, Gerardo
901 ## - ELEMENTOS DE DATOS A LOCAL LDA (RLIN)
a Donación, Instituto Distrital de Cultura y Turismo, 2006
Existencias
Estado de retiro Estado de pérdida Fuente del sistema de clasificación o colocación Estado dañado No para préstamo Código de colección Localización permanente Ubicación/localización actual Fecha de adquisición Número de inventario Total de préstamos Renovaciones totales Signatura topográfica completa Código de barras Fecha visto por última vez Fecha del último préstamo Número de copia Precio válido a partir de Tipo de ítem Koha Nota pública
          Colección General Biblioteca Pública San Juan Bosco Biblioteca Pública San Juan Bosco 20/01/2020 108660 1 1 788.97 C65 MOS004547 26/03/2021 25/03/2021 ej.1 20/01/2020 Libro Ocho días

© Todos los derechos reservados para la Biblioteca Pública Municipal San Juan Bosco, 2020
Secretaria de Cultura de Mosquera
Carrera 3 N° 10 Esquina Centro Cultural Barrio El Carmén Teléfono: 8270830 Ext: 34
Funcionando con KOHA
Contacto: Biblioteca Pública Municipal San Juan Bosco/ bibliotecasanjuanbosco@mosquera-cundinamarca.gov.co
Mosquera, Cundinamarca